000 00289nam a22001337a 4500
008 170530b xxu||||| |||| 00| 0 eng d
020 _a9780375408816
041 _aeng
080 _a94(100)
100 _a17
101 _aSHH
245 _aTHE DARK VALLEY
_cBRENDON,P
942 _2udc
_cBK
999 _c15000
_d15000